| 000 | 00571nai a2200169Ia 4500 | ||
|---|---|---|---|
| 003 | IN-BaIIA | ||
| 008 | 211028c9999 xx s 000 0 eng d | ||
| 022 | _a0166-1280 (Online) | ||
| 040 | _cIIA Library | ||
| 245 | 0 |
_aJournal of Molecular Structure: THEOCHEM _h[eJournal] |
|
| 260 |
_aNew York _bElsevier |
||
| 310 | _aSemi-monthly | ||
| 362 | _a330(1); 1995 - 962(3); 2010 | ||
| 521 | _bSubscribed through National Knowledge Resource Consortium (NKRC) | ||
| 856 |
_uhttps://www.sciencedirect.com/science/journal/01661280 _yClick Here to Access eJournal |
||
| 942 | _cEJ | ||
| 999 |
_c35147 _d35147 |
||